Statistics for Country To Hint

Click here to take the quiz!

General Stats

  • This quiz has been taken 33 times
  • The average score is 9 of 13

Answer Stats

HintAnswer% Correct
Smallest Country in The WorldVatican City
96%
Biggest Country in The WorldRussia
89%
Country that has the Longest CoastlineCanada
79%
Biggest Island CountryAustralia
75%
Strongest MilitaryChina
75%
Biggest Country Bordering RussiaChina
75%
Biggest Country in AfricaAlgeria
71%
Smallest Country Bordering IndonesiaEast Timor
64%
Smallest Country in AsiaSingapore
64%
Biggest City in AsiaTokyo
64%
Most Populated in AfricaEthiopia
54%
Most Islands in The WorldNorway
36%
Poorest Country in The WorldBurundi
25%

Score Distribution

Percentile by Number Answered

Percent of People with Each Score

Your Score History

You have not taken this quiz